Discos de Spinetta - Estadísticas

Estadísticas generales
  • Esta prueba ha sido intentada 204 veces
    197 desde el último reinicio
  • La puntuación promedio es 18 de 30
Estadísticas de respuestas
Año Banda Disco % Correcto
1973 Solista (acreditado a Pescado Rabioso) Artaud
98%
1969 Almendra Almendra I
96%
1973 Pescado Rabioso Pescado 2
87%
1970 Almendra Almendra II
83%
1976 Invisible El jardín de los presentes
83%
1974 Invisible Invisible
81%
1975 Invisible Durazno sangrando
77%
1982 Solista Kamikaze
72%
1986 Spinetta / Páez La la la
71%
1971 Solista Spinettalandia y sus amigos
67%
1997 Spinetta y los socios del desierto Spinetta y los socios del desierto
67%
1983 Spinetta Jade Bajo Belgrano
65%
2005 Solista Pan
62%
1977 Banda Spinetta A 18' del sol
60%
1991 Solista Pelusón of milk
60%
1972 Pescado Rabioso Desatormentándonos
59%
1980 Spinetta Jade Alma de diamante
54%
1986 Solista Privé
48%
1988 Solista Tester de violencia
47%
1980 Almendra El valle interior
46%
1989 Solista Don Lucero
45%
2008 Solista Un mañana
45%
1999 Spinetta y los socios del desierto Los ojos
44%
1981 Spinetta Jade Los niños que escriben en el cielo
43%
2003 Solista Para los árboles
43%
1983 Solista Mondo di cromo
40%
2015 Solista (póstumo) Los Amigo
39%
1980 Solista Only love can sustain
39%
2001 Solista Silver Sorgo
39%
1984 Spinetta Jade Madre en años luz
33%
No se encontraron pruebas coincidentes
Distribución de puntuación
Porcentaje de gente con cada puntuación
Porcentaje por número respondido
Historial de tus puntuaciones
No has intentado esta prueba desde el último reinicio